| 000 | 00670nam a22001577a 4500 | ||
|---|---|---|---|
| 005 | 20250217132310.0 | ||
| 008 | 250217b |||||||| |||| 00| 0 eng d | ||
| 082 |
_22024 _aUT |
||
| 100 |
_aCaralos, Ingred R. _965377 |
||
| 245 |
_aUses of hedges in eenvironmental news from the Philippine news agency (PNA) and the Philippine daily inquirer (PDI): _bA comparative linguistic study / _cIngred R. Caralos, and Kin LEa Arnie P. Mondejar |
||
| 260 |
_aDigos City : _bUMDC, _c©April 2024. |
||
| 300 |
_avii, 37 pages : _billustration (some colors) ; _c29 cm. |
||
| 500 | _aInclude references and appendices. | ||
| 700 |
_aMondejar, Kin LEa Arnie P. _965380 |
||
| 942 |
_2ddc _cUT |
||
| 999 |
_c23464 _d23464 |
||